000 00558nam a2200193 i 4500
001 135338
003 ES-MaACL
005 20230906194848.0
007 t|
008 070716s1950 fr ||||1| fre d
080 _a1 Aristóles
080 _a1 Tomás, Santo
080 _a113/119
100 1 _aTonquédec, Joseph de.
_9110584
245 1 0 _aQuestions de cosmologie et de physique chez Aristote et Saint Thomas /
_cJoseph de Tonquedec.
260 _aParis :
_bJ. Vrin,
_c1950.
300 _a127 p. ;
_c19 cm.
852 _aES-MaACL
_jL-11509
_bR.113411
999 _c135338
_d135338